Vista normal
Vista MARC
Entrada Uniform Title
Número de registros utilizados en: 1
001 - CONTROL NUMBER
- control field: 62135
003 - CONTROL NUMBER IDENTIFIER
- control field: OSt
005 - DATE AND TIME OF LATEST TRANSACTION
- control field: 20250813202407.0
008 - FIXED-LENGTH DATA ELEMENTS
- fixed length control field: 250813|| aca||aabn | a|a d
040 ## - CATALOGING SOURCE
- Original cataloging agency: OSt
- Transcribing agency: OSt
130 ## - HEADING--UNIFORM TITLE
- Uniform title: Plan Nacional de Danza
- Geographic subdivision: Colombia
- Chronological subdivision: 2009
670 ## - SOURCE DATA FOUND
- Source citation: Work cat.: (OSt)57958: Argel Raciny, Sandra Patricia. 62134, Danza-en-con-tensión :